[Event "13. Online Aktivschach WM"]
[Site "Schachcomputer.info"]
[Date "2017.01.17"]
[Round "3.1"]
[White "Tasc CM 32 MHz Gideon 3.1"]
[Black "Tasc CM 32 MHz Gideon 3.0"]
[Result "1/2-1/2"]
[WhiteElo "2379"]
[BlackElo "2365"]
[PlyCount "73"]
[EventDate "2016.??.??"]

1. e4 e5 2. Nc3 Nf6 3. f4 d5 4. fxe5 Nxe4 5. Qf3 Nxc3 6. bxc3 c5 7. Bb5+ Nc6 8.
Ne2 Be7 9. c4 O-O 10. Qxd5 Nb4 11. Qxd8 Rxd8 12. Ba4 Bd7 13. Bb3 Bg5 14. Bb2
Bc6 15. d3 Bxg2 16. Rg1 Bh4+ 17. Kd2 Bh3 18. Nf4 Bf5 19. Raf1 Be4 20. Ke3 Bc6
21. e6 f6 22. Nh5 g6 23. Bxf6 Bxf6 24. Nxf6+ Kg7 25. a3 Na6 26. Ne4 Rf8 27. c3
Bxe4 28. Kxe4 Nc7 29. Ke5 Rae8 30. Kd6 Rxe6+ 31. Kxc7 Rc6+ 32. Kxb7 Rfc8 33.
Ba4 R8c7+ 34. Kb8 Rc8+ 35. Kb7 R8c7+ 36. Kb8 Rc8+ 37. Kb7 1/2-1/2

[Event "13. Online Aktivschach WM"]
[Site "Schachcomputer.info"]
[Date "2017.01.30"]
[Round "3.3"]
[White "Tasc CM 32 MHz King 2.2"]
[Black "Fidelity Excel Mach IV"]
[Result "1-0"]
[WhiteElo "2365"]
[BlackElo "2123"]
[PlyCount "120"]
[EventDate "2016.??.??"]

1. d4 d5 2. c4 e6 3. Nf3 Nf6 4. Nc3 c6 5. e3 Nbd7 6. Bd3 dxc4 7. Bxc4 b5 8. Bb3
b4 9. Na4 Ba6 10. a3 Rb8 11. Qc2 bxa3 12. Bd2 axb2 13. Nxb2 Qb6 14. Bc4 Qxb2
15. Qxb2 Rxb2 16. Bxa6 Ne4 17. Bd3 Nxd2 18. Nxd2 Bb4 19. O-O-O Ra2 20. Rhf1 Nf6
21. Bc4 Ra3 22. Kc2 O-O 23. Nb1 Ra5 24. Nd2 Rh5 25. Nf3 a5 26. Be2 a4 27. Ra1
a3 28. h4 Ra5 29. Ne5 c5 30. Nc6 Raa8 31. Bf3 Ra4 32. Rfc1 Ra6 33. Kb3 Rb6 34.
Kc4 Bd2 35. Rd1 Rb2 36. Rxa3 cxd4 37. Kxd4 Bb4 38. Ra4 e5+ 39. Nxe5 Rd8+ 40.
Kc4 Rc8+ 41. Kd3 Rc3+ 42. Kd4 Rc8 43. Nc6 Bf8 44. Rf1 Rc7 45. Kc3 Rcb7 46. Nd4
Rb8 47. Ra8 R8b6 48. g3 h6 49. Kd3 Nd7 50. Bd5 Nc5+ 51. Kc3 g6 52. Ra7 Bg7 53.
Bxf7+ Kh7 54. Bd5 R6b4 55. Rfa1 Nb7 56. Ra8 Bf6 57. R1a7 Rb5 58. Rb8 Rxf2 59.
Rbxb7+ Rxb7 60. Rxb7+ Bg7 1-0

[Event "13. Online Aktivschach WM"]
[Site "Schachcomputer.info"]
[Date "2017.01.16"]
[Round "3.4"]
[White "Reflection London"]
[Black "Resurrection Ruffian"]
[Result "0-1"]
[WhiteElo "2450"]
[BlackElo "2370"]
[PlyCount "134"]
[EventDate "2016.??.??"]

1. e4 c5 2. Nf3 Nc6 3. d4 cxd4 4. Nxd4 Nf6 5. Nc3 d6 6. Bg5 e6 7. Qd2 Be7 8.
O-O-O O-O 9. Nb3 Qb6 10. f3 Rd8 11. Be3 Qc7 12. Qf2 d5 13. Be2 b6 14. exd5 Nxd5
15. Nxd5 Rxd5 16. Rxd5 exd5 17. Bb5 Be6 18. Kb1 Rc8 19. g4 Bd6 20. Ba6 Re8 21.
Nd4 Nxd4 22. Bxd4 Bd7 23. Bd3 Bf4 24. h4 Bg3 25. Qd2 Be5 26. Bxe5 Qxe5 27. f4
Qe7 28. g5 d4 29. a3 Qe3 30. Qh2 Bc6 31. Rf1 a5 32. Qg1 b5 33. h5 b4 34. axb4
axb4 35. g6 fxg6 36. hxg6 h6 37. Bc4+ Kf8 38. Qg4 Qe4 39. Qh5 Bd7 40. Qc5+ Qe7
41. Qxd4 Bf5 42. Qd5 Be6 43. Qxe6 Qxe6 44. Bxe6 Rxe6 45. f5 Re4 46. Ka2 h5 47.
Kb3 h4 48. Rh1 Ke7 49. Ra1 Kf6 50. Ra7 Re7 51. Ra1 Kxf5 52. Kxb4 Kxg6 53. c4
Kf5 54. c5 g5 55. c6 h3 56. Kc5 g4 57. Rf1+ Ke6 58. Re1+ Kf6 59. Rf1+ Kg5 60.
Kd6 Re2 61. Rc1 Rd2+ 62. Ke5 Rd8 63. Rh1 Kh4 64. c7 Rc8 65. Rd1 g3 66. Rd4+ Kh5
67. Rd8 Rxc7 0-1

[Event "13. Online Aktivschach WM"]
[Site "Schachcomputer.info"]
[Date "2017.01.16"]
[Round "3.5"]
[White "Tasc R30 V2.5"]
[Black "Mephisto Berlin Pro"]
[Result "1/2-1/2"]
[WhiteElo "2371"]
[BlackElo "2274"]
[PlyCount "86"]
[EventDate "2016.??.??"]

1. e4 e5 2. Nc3 Nf6 3. f4 d5 4. exd5 Nxd5 {R30 rechnet} 5. Qh5 {Berlin rechnet}
Nxf4 6. Qxe5+ Ne6 7. Nf3 Bc5 8. d4 Bxd4 9. Nxd4 Qh4+ 10. Kd1 Qxd4+ 11. Qxd4
Nxd4 12. Be3 Nbc6 13. Bd3 Be6 14. Re1 O-O-O 15. Kc1 Ne5 16. Be4 Ng4 17. Bg1 Kb8
18. Rb1 a6 19. h3 Nf6 20. Bd3 Nc6 21. a3 Nd5 22. Nxd5 Bxd5 23. g3 f6 24. b3 Ne5
25. Kb2 Nxd3+ 26. cxd3 Bg2 27. Re7 Rhg8 28. Rc1 c6 29. h4 Rxd3 30. Rc3 Rd5 31.
g4 Kc8 32. Rg3 Bf1 33. Bb6 Rb5 34. Bc7 h6 35. Bd6 g5 36. hxg5 fxg5 37. Rge3 c5
38. Rc7+ Kd8 39. Ree7 c4 40. Red7+ Ke8 41. Re7+ Kd8 42. Rcd7+ Kc8 43. Rc7+ Kd8
{R.} 1/2-1/2

[Event "13. Online Aktivschach WM"]
[Site "Schachcomputer.info"]
[Date "2017.01.16"]
[Round "3.6"]
[White "Mephisto Genius 68030"]
[Black "Mephisto Atlanta"]
[Result "1/2-1/2"]
[WhiteElo "2338"]
[BlackElo "2270"]
[PlyCount "91"]
[EventDate "2016.??.??"]

1. Nf3 c6 2. c4 d5 3. d4 e6 4. e3 Bd6 5. Nc3 Nf6 6. Bd3 dxc4 7. Bxc4 O-O 8. e4
Bb4 9. Bd3 c5 10. a3 cxd4 11. axb4 dxc3 12. bxc3 Qc7 13. Qc2 e5 14. Bg5 Rd8 15.
Bxf6 gxf6 16. O-O Bg4 17. Be2 Nc6 18. Rfc1 a6 19. h3 Be6 20. Rcb1 Rac8 21. b5
axb5 22. Rxb5 Nd4 23. Nxd4 Rxd4 24. Rc1 Rd6 25. Rcb1 Qxc3 26. Qxc3 Rxc3 27.
Rxb7 Rd2 28. R7b2 Rcc2 29. Rxc2 Rxc2 30. Bg4 Bxg4 31. hxg4 Kg7 32. Rb7 Kf8 33.
f3 Rd2 34. Kh2 Kg7 35. Kh3 Kg6 36. Ra7 Rd3 37. Kg3 Rd1 38. Ra2 Rd7 39. Rc2 Rd1
40. Kf2 Kg5 41. Rc7 Kg6 42. Kg3 Rd8 43. Rc5 Rb8 44. Rc2 Rd8 45. Kf2 Kg5 46. Ke3
1/2-1/2

[Event "13. Online Aktivschach WM"]
[Site "Schachcomputer.info"]
[Date "2017.01.15"]
[Round "3.7"]
[White "Mephisto Atlanta 36 MHz"]
[Black "Novag Star Diamond"]
[Result "1-0"]
[WhiteElo "2300"]
[BlackElo "2186"]
[PlyCount "152"]
[EventDate "2016.??.??"]

1. e4 c5 2. c3 Nf6 3. e5 Nd5 4. d4 cxd4 5. cxd4 d6 6. Nf3 Nc6 7. Bc4 e6 8. O-O
Be7 9. Qe2 O-O 10. Qe4 b6 11. Bd3 g6 12. Bh6 Re8 13. Nbd2 f5 14. Qe2 dxe5 15.
dxe5 Bf8 16. Bg5 Be7 17. Bxe7 Qxe7 18. Bb5 Bb7 19. Rac1 Rec8 20. Rfd1 Rc7 21.
a3 Rac8 22. Nb3 Rd8 23. Nbd2 Rdc8 24. Nb3 Rd8 25. Nbd2 Rdd7 26. b4 a5 27. bxa5
bxa5 28. Nc4 Nf4 29. Qe3 Rxd1+ 30. Rxd1 Nd5 31. Qb3 Qc5 32. Bxc6 Bxc6 33. Nd4
Rb7 34. Qc2 Bb5 35. Nxa5 Qxc2 36. Nxc2 Ra7 37. Nb3 Ba4 38. Nbd4 Kf7 39. Rb1 Rd7
40. Ne3 h5 41. Nc4 Nc3 42. Rb7 Rxb7 43. Nd6+ Ke7 44. Nxb7 Nb5 45. Nxb5 Bxb5 46.
g3 Bc4 47. Nd6 Bb3 48. h4 Ba4 49. Nb7 Bb5 50. f4 Ba6 51. Nc5 Bc4 52. Kf2 Kd8
53. Ke3 Kc7 54. Kd4 Ba2 55. Kc3 Kc6 56. Kb4 Bd5 57. a4 Kc7 58. Kb5 Bc6+ 59. Kc4
Bd5+ 60. Kb4 Kc6 61. a5 Kc7 62. Kb5 Bc6+ 63. Kc4 Bd5+ 64. Kb4 Kc6 65. Na4 Kb7
66. Kc5 Bb3 67. Nb6 Ka6 68. Nd7 Kxa5 69. Nf8 Ba2 70. Nxg6 Ka6 71. Nf8 Kb7 72.
Kd6 Kc8 73. Nxe6 Bc4 74. Ng7 Be2 75. e6 Bd3 76. e7 Bb5 1-0

[Event "13. Online Aktivschach WM"]
[Site "Schachcomputer.info"]
[Date "2017.01.14"]
[Round "3.8"]
[White "Millennium ChessGenius Pro"]
[Black "Mephisto Milano Pro"]
[Result "1-0"]
[WhiteElo "2307"]
[BlackElo "2163"]
[PlyCount "112"]
[EventDate "2016.??.??"]

1. d4 Nf6 2. c4 e6 3. Nc3 Bb4 4. e3 c5 5. Bd3 O-O 6. Nf3 d5 7. O-O dxc4 8. Bxc4
Nbd7 9. Qe2 cxd4 10. exd4 b6 11. d5 Bxc3 12. dxe6 Bb4 13. exd7 Qxd7 14. Rd1 Qc7
15. Bg5 Re8 16. Qd3 Ne4 17. Bb5 Bg4 18. Bxe8 Rxe8 19. Qb5 Qc8 20. Rac1 Bc5 21.
Be3 a6 22. Qb3 Be6 23. Qa4 Qa8 24. a3 Bxe3 25. fxe3 b5 26. Qd4 Bb3 27. Re1 Bc4
28. Ne5 Rd8 29. Qb6 Nd2 30. Nc6 Re8 31. Red1 Nb3 32. Rc2 Be6 33. Rf2 h6 34. e4
Rf8 35. Rd6 Kh7 36. Rf3 Bc4 37. e5 Nc1 38. Qe3 Rc8 39. Rh3 Be6 40. Qxc1 Bxh3
41. gxh3 Rc7 42. e6 fxe6 43. Qb1+ g6 44. Rxe6 Rg7 45. Qf1 Qg8 46. Nd4 Rf7 47.
Qe1 Qg7 48. Qe4 Rc7 49. b4 Ra7 50. Kf2 Rf7+ 51. Kg2 Rf6 52. Qe5 Rxe6 53. Qxg7+
Kxg7 54. Nxe6+ Kf6 55. Nc7 Ke5 56. h4 Kd6 1-0

[Event "13. Online Aktivschach WM"]
[Site "Schachcomputer.info"]
[Date "2017.01.18"]
[Round "3.9"]
[White "Tasc CM 14 MHz King 2.54"]
[Black "Millennium ChessGenius 82 MHz"]
[Result "1-0"]
[WhiteElo "2341"]
[BlackElo "2250"]
[PlyCount "131"]
[EventDate "2016.??.??"]

1. c4 e5 2. Nf3 e4 3. Nd4 Nc6 4. e3 Nxd4 5. exd4 Qf6 6. d3 Qxd4 7. Nc3 Bb4 8.
Qb3 Bxc3+ 9. bxc3 Qe5 10. d4 Qf6 11. Be2 Ne7 12. O-O c5 13. dxc5 Qe5 14. Rd1
Qxc5 15. Bf4 Qf5 16. Bd6 Qe6 17. c5 Nf5 18. Bc4 Qg6 19. Bf4 Nh4 20. Bg3 Nf5 21.
Bc7 Nh4 22. Bf1 O-O 23. Rd6 Qg5 24. Rd5 Qg4 25. Bd6 Re8 26. Rad1 Re6 27. c4 f6
28. Qb2 Nf5 29. Be2 Qg6 30. Bf4 h6 31. Rb1 Ne7 32. Rdd1 Qf5 33. Bd6 Qg5 34. a4
Nc6 35. Rd5 f5 36. Qc3 Ne7 37. Rdd1 Ng6 38. Rb2 Nf4 39. Bf1 Qg4 40. Rdd2 Rg6
41. g3 Nh3+ 42. Kh1 f4 43. Rd5 fxg3 44. hxg3 Rf6 45. Qe3 Ng5 46. Bg2 Nf3 47.
Bxf3 Rxf3 48. Qe2 e3 49. fxe3 Qe4 50. Qg2 Rf1+ 51. Kh2 Qxc4 52. Re5 Rf6 53. Rf2
Re6 54. Rf8+ Kh7 55. Qf2 Qd3 56. e4 Rxe5 57. Bxe5 d6 58. Rh8+ Kg6 59. Bxg7 Qc2
60. Qxc2 Bd7 61. Rxa8 d5 62. Qf2 Bc8 63. Qf6+ Kh5 64. Bxh6 Kg4 65. Qf4+ Kh5 66.
Qg5# 1-0

[Event "13. Online Aktivschach WM"]
[Site "Schachcomputer.info"]
[Date "2017.01.17"]
[Round "3.10"]
[White "Pewatronic Master Chess"]
[Black "Mephisto Mystery 40 MHz"]
[Result "1-0"]
[WhiteElo "2208"]
[BlackElo "2183"]
[PlyCount "115"]
[EventDate "2016.??.??"]

1. d4 Nf6 2. c4 e6 3. Nc3 Bb4 4. e3 c5 5. Bd3 O-O 6. Nf3 d5 7. O-O cxd4 {
1. Zug Schwarz} 8. exd4 {1. Zug weiss} dxc4 9. Bxc4 Nc6 10. Bg5 h6 11. Bxf6
Qxf6 12. Rc1 Rd8 13. a3 Ba5 14. Qa4 Bc7 15. d5 Ne5 16. Be2 Bd7 17. Qe4 b6 18.
Nd4 Rac8 19. dxe6 Bxe6 20. Nxe6 Qxe6 21. Ba6 Rb8 22. Rfe1 f5 23. Qe2 Qg6 24.
Nd5 Rxd5 25. Rxc7 f4 26. Bb7 Rc5 27. Rxc5 bxc5 28. Bd5+ Nf7 29. Qe8+ Rxe8 30.
Rxe8+ Kh7 31. Be4 f3 32. Bxg6+ Kxg6 33. b4 cxb4 34. axb4 fxg2 35. Re6+ Kf5 36.
Re7 Ne5 37. Rxa7 Nc6 38. Rxg7 Nxb4 39. Rd7 Ke4 40. Kxg2 Nd5 41. Rh7 h5 42. f3+
Kd4 43. Kg3 Nf6 44. Re7 Kd5 45. Kh4 Kd4 46. Rf7 Ke5 47. Kg5 Nd5 48. h4 Ke6 49.
Ra7 Ke5 50. Kxh5 Kf4 51. Rf7+ Ke5 52. Kg6 Nf4+ 53. Rxf4 Kxf4 54. h5 Kxf3 55.
Kf5 Ke3 56. h6 Kd4 57. h7 Kd5 58. h8=Q {Schwarz gibt auf} 1-0

[Event "13. Online Aktivschach WM"]
[Site "Schachcomputer.info"]
[Date "2017.01.15"]
[Round "3.11"]
[White "Saitek Barracuda 40 MHz"]
[Black "Saitek Sparc"]
[Result "1-0"]
[WhiteElo "2150"]
[BlackElo "2204"]
[PlyCount "110"]
[EventDate "2016.??.??"]

1. d4 Nf6 2. Nc3 d5 3. e4 dxe4 4. f3 exf3 5. Nxf3 g6 6. Bc4 Bg7 7. Bf4 Nh5 8.
Bg5 Bg4 9. Rf1 f6 10. Be3 Nc6 11. d5 Ne5 12. Bb5+ c6 13. dxc6 Nxc6 14. Bxc6+
bxc6 15. Qxd8+ Rxd8 16. h3 Bxf3 17. Rxf3 e5 18. g4 Nf4 19. Bxf4 exf4 20. Rxf4
O-O 21. Rd1 Rxd1+ 22. Nxd1 f5 23. gxf5 gxf5 24. Ne3 Bh6 25. Rf3 f4 26. Ng2 Rb8
27. b3 Rf8 28. Kf2 c5 29. Rc3 Bg7 30. Rc4 f3 31. Nf4 Be5 32. Kxf3 h5 33. Ke3
Bd4+ 34. Ke4 Re8+ 35. Kd5 Re5+ 36. Kc6 Rf5 37. Nd3 Rf6+ 38. Kb7 a5 39. Nxc5 Be3
40. Nd3 Rb6+ 41. Kc7 Rf6 42. Rh4 Rf5 43. c4 Bg5 44. Rd4 Rf3 45. Rd5 Be7 46. Kd7
Bf6 47. c5 Rxh3 48. c6 Re3 49. c7 Re7+ 50. Kc6 Re6+ 51. Rd6 Re8 52. Rxf6 Kh7
53. Rd6 Kg7 54. Rd8 Re6+ 55. Kb5 Re7 1-0

[Event "13. Online Aktivschach WM"]
[Site "Schachcomputer.info"]
[Date "2017.02.06"]
[Round "4.2"]
[White "Tasc CM 32 MHz King 2.2"]
[Black "Tasc CM 32 MHz Gideon 3.1"]
[Result "0-1"]
[WhiteElo "2365"]
[BlackElo "2379"]
[PlyCount "140"]
[EventDate "2016.??.??"]

1. c4 c6 2. e4 d5 3. exd5 Nf6 4. Nc3 cxd5 5. cxd5 Nxd5 6. Nf3 Nc6 7. Bb5 Nxc3
8. bxc3 Qd5 9. Qe2 Bg4 10. d4 Bxf3 11. gxf3 e6 12. Rg1 a6 13. Bd3 Qa5 14. Bd2
Rd8 15. Rb1 Rd7 16. Be4 Nd8 17. Qc4 f5 18. Bd3 Bd6 19. f4 b5 20. Qb3 O-O 21.
Rg3 Rf6 22. Kf1 Rc7 23. Kg1 g6 24. Rd1 Qa3 25. c4 Qxb3 26. axb3 Nc6 27. c5 Be7
28. Bc3 Rf8 29. Re3 Rd8 30. Bc2 b4 31. Bb2 Kf7 32. Rh3 h5 33. Rhd3 Rcd7 34. Kg2
Bf6 35. Ra1 Nxd4 36. Bxd4 Rxd4 37. Rxd4 Bxd4 38. Rd1 Rd5 39. c6 Rc5 40. Bxf5
exf5 41. Rxd4 a5 42. Rd7+ Ke6 43. Ra7 Kd5 44. c7 Kd4 45. Rxa5 Rxc7 46. Ra6 Kc3
47. Rxg6 Kxb3 48. Re6 Kb2 49. Re5 Rf7 50. Kg3 b3 51. Kh4 Ka3 52. Ra5+ Kb4 53.
Ra1 b2 54. Rb1 Ka3 55. Kxh5 Rg7 56. Rd1 Ka2 57. f3 b1=Q 58. Rxb1 Kxb1 59. Kh6
Rg1 60. h4 Kc2 61. Kh7 Kd3 62. h5 Ke3 63. Kh8 Kxf4 64. Kh7 Ke5 65. Kh8 Kf6 66.
Kh7 Rh1 67. h6 f4 68. Kh8 Rxh6+ 69. Kg8 Rh3 70. Kf8 Rh8# {0-1 Matt} 0-1

[Event "13. Online Aktivschach WM"]
[Site "Schachcomputer.info"]
[Date "2017.02.09"]
[Round "4.3"]
[White "Tasc CM 32 MHz Gideon 3.0"]
[Black "Mephisto Atlanta 36 MHz"]
[Result "1-0"]
[WhiteElo "2365"]
[BlackElo "2300"]
[PlyCount "127"]
[EventDate "2016.??.??"]

1. d4 Nf6 2. Nf3 e6 3. c4 b6 4. g3 Ba6 5. b3 d5 6. cxd5 {BE Atlanta} exd5 {
BE CM Gideon} 7. Bg2 Bb4+ 8. Bd2 Bd6 9. Nc3 c6 10. Nh4 O-O 11. Nf5 Bc7 12. O-O
Bc8 13. Ne3 Bb7 14. Rc1 Re8 15. b4 b5 16. Qc2 Bd6 17. Ncd1 Na6 18. a3 Qd7 19.
Nb2 Ne4 20. Nd3 Re7 21. Bf3 Qe6 22. Ng4 Nxd2 23. Qxd2 f6 24. Rfe1 Rae8 25. Qc2
Bc7 26. Qc3 Qf7 27. Ne3 Qg6 28. Rc2 Bd6 29. Rec1 Nc7 30. Qb3 Qg5 31. Rxc6 Bxc6
32. Rxc6 Rxe3 33. fxe3 Qxe3+ 34. Kf1 Qe6 35. Nf4 Qd7 36. Nxd5 {das verdeckte
Schach ist der Punkt, der die bisherigen Zuge fur Weis erfolgreich ablaufen
lasst und zum Partiegewinner wird} Kh8 37. Nxc7 Bxc7 38. Qd5 Qxd5 39. Bxd5 Bb6
40. Bf7 Rf8 41. e3 f5 42. Re6 f4 43. Ke2 g5 44. Be8 Bc7 45. gxf4 gxf4 46. Bxb5
fxe3 47. Re7 Bxh2 48. Bd3 h6 49. Rxa7 Bf4 50. Be4 Bg5 51. Ra8 Rxa8 52. Bxa8 Kg7
53. Bg2 Be7 54. Kxe3 Kf6 55. Kd3 h5 56. Kc4 Bd8 57. a4 Kf5 58. a5 h4 59. Kc5
Be7+ 60. Kc6 Bf6 61. d5 Kg6 62. a6 Bd4 63. b5 Kg5 64. d6 1-0

[Event "13. Online Aktivschach WM"]
[Site "Schachcomputer.info"]
[Date "2017.02.11"]
[Round "4.4"]
[White "Millennium ChessGenius Pro"]
[Black "Millennium ChessGenius"]
[Result "1/2-1/2"]
[WhiteElo "2307"]
[BlackElo "2218"]
[PlyCount "97"]
[EventDate "2016.??.??"]

1. Nf3 d5 2. g3 Nf6 3. Bg2 c6 4. d3 Bg4 5. Nbd2 Nbd7 6. h3 Bh5 7. O-O e5 8. e4
Bd6 9. exd5 cxd5 10. Re1 (10. c4) 10... O-O 11. Nb3 Qc7 12. g4 Bg6 13. Nh4 Qc6
14. Nxg6 fxg6 15. c4 Bb4 16. Bd2 Bxd2 17. Qxd2 Nb6 18. Rxe5 Qd6 19. Rae1 dxc4
20. dxc4 Qxd2 21. Nxd2 Rad8 22. R5e2 Rd3 23. b3 Rd7 24. Nf3 a5 25. Ng5 h6 26.
Ne6 Rb8 27. Re5 Rd2 28. Rxa5 Nbd7 29. g5 b6 30. Ra7 hxg5 31. Nxg5 Kh8 32. Re7
Rg8 33. Be4 Nxe4 34. Nxe4 Rd1+ 35. Kg2 Nc5 36. Nxc5 bxc5 37. Rec7 Rd2 38. Rxc5
Rf8 39. Kg3 Rfxf2 40. Rca5 Rc2 41. Kg4 Rg2+ 42. Kf4 Rce2 43. R5a6 Rgf2+ 44. Kg3
Rg2+ 45. Kf3 Rgf2+ 46. Kg4 Rg2+ 47. Kf3 Rgf2+ 48. Kg4 Rg2+ 49. Kf3 1/2-1/2

[Event "13. Online Aktivschach WM"]
[Site "Schachcomputer.info"]
[Date "2017.02.14"]
[Round "4.5"]
[White "Mephisto Atlanta"]
[Black "Tasc R30 V2.5"]
[Result "1/2-1/2"]
[WhiteElo "2270"]
[BlackElo "2371"]
[PlyCount "101"]
[EventDate "2016.??.??"]

1. b3 d5 2. d4 Bf5 3. Nf3 e6 4. e3 Nd7 5. Be2 Ngf6 6. O-O Bd6 7. c4 O-O 8. Nc3
Bb4 9. Bb2 Ne4 10. Nxe4 dxe4 11. Ne1 Qg5 12. a3 Be7 13. b4 Rfd8 14. Qb3 Nf6 15.
a4 Qh4 16. f3 Bg6 17. b5 Bd6 18. g3 Qh3 19. c5 Be7 20. Ng2 Nd5 21. Rf2 Bg5 22.
Raf1 a6 23. f4 Be7 24. bxa6 bxa6 25. Rb1 Rdb8 26. Qd1 Rb4 27. a5 Rab8 28. Qc1
Bh5 29. Bxa6 Ra8 30. Bf1 Rxa5 31. Nh4 Qg4 32. Be2 Qxe2 33. Rxe2 Bxe2 34. Bc3
Rxb1 35. Qxb1 Rb5 36. Qxe4 Nxc3 37. Qc2 Rb1+ 38. Kf2 Rf1+ 39. Kg2 Bxh4 40. gxh4
Nd5 41. Qxe2 Rxf4 42. Qb5 Nxe3+ 43. Kg3 g5 44. hxg5 Nd5 45. Qd3 Kg7 46. h4 h5
47. gxh6+ Kxh6 48. Qd1 f5 49. Qd2 Kg6 50. Qxf4 Nxf4 51. Kxf4 {1/2-1/2} 1/2-1/2

[Event "13. Online Aktivschach WM"]
[Site "Schachcomputer.info"]
[Date "2017.02.08"]
[Round "4.6"]
[White "Mephisto Berlin Pro"]
[Black "Tasc CM 14 MHz King 2.54"]
[Result "1/2-1/2"]
[WhiteElo "2274"]
[BlackElo "2341"]
[PlyCount "122"]
[EventDate "2016.??.??"]

1. e4 e5 2. Nf3 Nc6 3. d4 exd4 4. Nxd4 Bc5 5. Be3 Qf6 6. c3 Nge7 7. Bc4 Ne5 8.
Be2 d5 9. O-O Bd7 10. Qb3 O-O-O 11. exd5 Bh3 12. Qc2 Nf5 13. Qe4 Nxe3 14. fxe3
Qg5 15. Rf2 Rhe8 16. Qf4 Qg6 17. b4 Bb6 18. c4 a5 19. bxa5 Bxa5 20. Nf3 Nxf3+
21. Qxf3 Bd7 22. Qxf7 Qb6 23. Qf4 Rxe3 24. Bf1 Re1 25. a3 Rde8 26. Kh1 Rxb1 27.
c5 Qb3 28. Rxb1 Qxb1 29. c6 bxc6 30. dxc6 Bxc6 31. Qc4 Re1 32. Rf8+ Be8 33.
Qa6+ Kb8 34. Qc4 Bb6 35. h3 Qe4 36. Qxe4 Rxe4 37. Bb5 Re1+ 38. Kh2 c5 39. Bxe8
Bc7+ 40. g3 Re2+ 41. Kh1 Kb7 42. Bh5 Re1+ 43. Kg2 c4 44. Rf2 c3 45. Ra2 Bb6 46.
a4 Rg1+ 47. Kh2 Rb1 48. Bf3+ Ka6 49. Be4 Rb2+ 50. Rxb2 cxb2 51. Bxh7 Ka5 52.
Kg2 Kxa4 53. Bb1 Kb3 54. Kf3 Kc3 55. Ke2 Bc7 56. g4 Bd8 57. Kd1 g5 58. Be4 Bc7
59. Bf5 Bf4 60. Bh7 Be3 61. Be4 Bd4 1/2-1/2

[Event "13. Online Aktivschach WM"]
[Site "Schachcomputer.info"]
[Date "2017.02.04"]
[Round "4.7"]
[White "Fidelity Excel Mach IV"]
[Black "Mephisto Genius 68030"]
[Result "0-1"]
[WhiteElo "2123"]
[BlackElo "2338"]
[PlyCount "71"]
[EventDate "2016.??.??"]

1. d4 c5 2. d5 Nf6 3. Nf3 g6 4. Nc3 Bg7 5. e4 O-O 6. Be2 d6 7. O-O Na6 8. h3
Nc7 9. a4 a6 10. Bf4 Rb8 11. Qd2 b5 12. axb5 Nxb5 13. Nxb5 axb5 14. e5 dxe5 15.
Nxe5 Bb7 16. Nc6 Bxc6 17. dxc6 Qxd2 18. Bxd2 Nd5 19. c3 e6 20. Ra6 Rfc8 21. Bf3
b4 22. Bxd5 exd5 23. cxb4 c4 24. Bc3 d4 25. Rc1 dxc3 26. bxc3 Rb5 27. f4 Rd5
28. Kh2 h6 29. Rc2 Kf8 30. g3 h5 31. Kg2 Bh8 32. g4 h4 33. f5 gxf5 34. gxf5
Rxf5 35. Kg1 Rd5 36. c7 {Aufgabe Bediener} 0-1

[Event "13. Online Aktivschach WM"]
[Site "Schachcomputer.info"]
[Date "2017.02.04"]
[Round "4.8"]
[White "Mephisto Milano Pro"]
[Black "Reflection London"]
[Result "0-1"]
[WhiteElo "2163"]
[BlackElo "2450"]
[PlyCount "110"]
[EventDate "2016.??.??"]

1. e4 e5 2. Nf3 f5 3. Nxe5 Qf6 4. d4 d6 5. Nc4 fxe4 6. Nc3 Qg6 7. Ne3 Nf6 8.
Ncd5 Nxd5 9. Nxd5 Qf7 10. Bc4 c6 11. Nb6 d5 12. Nxa8 dxc4 13. Qe2 Bd6 14. f3
Qf6 15. c3 O-O 16. O-O Be6 17. Bd2 e3 18. Bxe3 Na6 19. Rae1 Bf7 20. Nb6 axb6
21. Qd2 Qh4 22. g3 Qd8 23. Bg5 Qd7 24. Rf2 Bd5 25. Kg2 Nc7 26. Be3 Qf5 27. Qe2
b5 28. Ref1 b4 29. Qd2 Ra8 30. Ra1 bxc3 31. bxc3 Ra3 32. Rg1 Nb5 33. Rc1 Qf7
34. Qb2 b6 35. Bg5 Qf5 36. Bd8 Qd3 37. Bxb6 Rxc3 38. Re1 Bxf3+ 39. Kg1 Qg6 40.
Kf1 Qh5 41. Ba5 Rd3 42. Qc1 Na3 43. Kg1 Bxg3 44. Rb2 Qg4 45. Kf1 Qh3+ 46. Kg1
Bxh2+ 47. Rxh2 Qg3+ 48. Kf1 Qxh2 49. Re8+ Kf7 50. Re7+ Kf6 51. Qg5+ Kxg5 52.
Rxg7+ Kf6 53. Rf7+ Kxf7 54. Bb4 Nc2 55. Bc5 Be2# 0-1

[Event "13. Online Aktivschach WM"]
[Site "Schachcomputer.info"]
[Date "2017.02.05"]
[Round "4.9"]
[White "Novag Star Diamond"]
[Black "Pewatronic Master Chess"]
[Result "1/2-1/2"]
[WhiteElo "2186"]
[BlackElo "2208"]
[PlyCount "160"]
[EventDate "2016.??.??"]

1. Nf3 d5 2. c4 e6 3. d4 Nf6 4. Nc3 c6 5. e3 Nbd7 6. Bd3 Bd6 7. e4 dxe4 8. Nxe4
Nxe4 9. Bxe4 O-O 10. O-O c5 11. Bc2 Qc7 12. Re1 cxd4 13. Qxd4 e5 14. Qe4 f5 15.
Qd5+ Kh8 16. Rd1 Bc5 17. Qd2 Nf6 18. b4 Ne4 19. Bxe4 Bxf2+ 20. Qxf2 fxe4 21.
Bb2 exf3 22. Re1 Qxc4 23. Rxe5 Qxb4 24. gxf3 Bd7 25. Rd1 Bc6 26. Rg5 Rf7 27.
Rd4 Qb6 28. Rf4 Qxf2+ 29. Kxf2 Rd7 30. Rd4 Re7 31. Rdg4 Rg8 32. Bd4 Rf7 33. Rg3
Rd7 34. R3g4 b5 35. Rc5 Bd5 36. Rxb5 Be6 37. Rf4 Rgd8 38. Ke3 Bxa2 39. Ra5 Bd5
40. Rxa7 Re8+ 41. Kf2 Rxa7 42. Bxa7 Kg8 43. Rd4 Rd8 44. Bb6 Rd7 45. Ke3 Kf7 46.
Bc5 Ke6 47. Rb4 Bc6 48. Rb6 Kd5 49. Bb4 g6 50. h4 Rd8 51. f4 Re8+ 52. Kf3 h6
53. h5 gxh5 54. f5 Re5 55. Kf4 Re4+ 56. Kg3 Rg4+ 57. Kf3 Rg5 58. Kf4 Rg1 59.
Bf8 Rf1+ 60. Kg3 Rxf5 61. Bxh6 Rf1 62. Rb4 Ke5 63. Rc4 Rg1+ 64. Kh4 Bf3 65. Rc3
Rh1+ 66. Kg5 Bd5 67. Re3+ Kd4 68. Ra3 h4 69. Bg7+ Kc5 70. Ra5+ Kd6 71. Bf8+ Ke5
72. Bg7+ Ke6 73. Ra6+ Kd7 74. Be5 Bb7 75. Rd6+ Ke7 76. Rh6 h3 77. Kh4 Kf7 78.
Rh7+ Ke6 79. Rxb7 Kxe5 80. Kg3 Ke4 1/2-1/2

[Event "13. Online Aktivschach WM"]
[Site "Schachcomputer.info"]
[Date "2017.01.06"]
[Round "4.10"]
[White "Mephisto Mystery 40 MHz"]
[Black "Saitek Barracuda 40 MHz"]
[Result "1-0"]
[WhiteElo "2183"]
[BlackElo "2150"]
[PlyCount "201"]
[EventDate "2016.??.??"]

1. d4 c5 2. dxc5 e6 3. e4 Bxc5 4. Nc3 d6 5. Nf3 Qb6 6. Bb5+ Bd7 7. Bxd7+ Nxd7
8. O-O Ngf6 9. Na4 Qc6 10. Nxc5 dxc5 11. e5 Ne4 12. Re1 O-O 13. Qe2 f5 14. exf6
Ndxf6 15. b3 Rae8 16. Bb2 b6 17. Rad1 Rd8 18. Rd3 Rd5 19. Re3 Ng5 20. c4 Rf5
21. Nxg5 Rxg5 22. f4 Rg6 23. Rxe6 Qc7 24. Qe5 Rf7 25. Rd1 Qc8 26. f5 Rh6 27.
Re7 Rh5 28. Rxf7 Kxf7 29. Re1 Qxf5 30. Qe7+ Kg6 31. Rf1 Qg5 32. Rf2 a6 33. Qe6
b5 34. Qxa6 bxc4 35. Qxc4 Qd5 36. Qc2+ Rf5 37. h3 Qe4 38. Qxe4 Nxe4 39. Rxf5
Kxf5 40. Bxg7 Kg6 41. Bb2 Nd6 42. Kf2 c4 43. Ke3 cxb3 44. axb3 Kf5 45. Ba1 Nb5
46. g4+ Kg5 47. Kf3 Kh4 48. Kg2 Kg5 49. Kg3 h6 50. h4+ Kg6 51. h5+ Kf7 52. Be5
Kg8 53. Kh4 Kh7 54. g5 hxg5+ 55. Kxg5 Na3 56. h6 Nc2 57. Bc3 Ne3 58. Bd2 Nc2
59. b4 Nd4 60. Kh5 Nb5 61. Bc1 Nd6 62. Bf4 Nb5 63. Kg5 Nc3 64. Be5 Nb5 65. Kh5
Na3 66. Bc3 Nb5 67. Bg7 Nd6 68. Bb2 Nb5 69. Kg5 Nd6 70. Bc1 Ne4+ 71. Kf5 Nd6+
72. Ke6 Nb5 73. Kd5 Nc3+ 74. Ke5 Kg6 75. Bd2 Nb1 76. Bf4 Nc3 77. Bc1 Nb5 78.
Bg5 Na3 79. Kd5 Nb5 80. Kc5 Nc3 81. Kd4 Nb5+ 82. Kd5 Nc3+ 83. Ke5 Nb5 84. Be3
Nc3 85. Kd4 Na4 86. b5 Kf7 87. Kc4 Nb2+ 88. Kb3 Nd3 89. h7 Kg7 90. Bd4+ Kxh7
91. b6 Kg6 92. b7 Kf5 93. b8=Q Ke4 94. Kc3 Nf4 95. Qe5+ Kf3 96. Qf5 Kg3 97. Be5
Kg2 98. Qxf4 Kg1 99. Qh2+ Kf1 100. Kd3 Ke1 101. Qg1# 1-0